000 00513nam a22001817a 4500
999 _c157921
_d157921
005 20181010145453.0
010 _aENG-124226
020 _a9789352661145
_c400.00
035 _aEN-107758
037 _bDBAD/PUB
082 _a158.1
100 _aHill, Napoleon
245 _aPower of positive action /
_cby Napoleon Hill
260 _aNew Delhi
_bPrabhat Prakashan
_c2017
270 _bNew Delhi
_e110002
_a4/19 Asaf Ali Road,
300 _a188p.
_c21cm.(Hb)
942 _2ddc
_cEN
_h158.1
_mHIL